[Event "Terrassa op-B"]
[Site "Terrassa"]
[Date "1996.??.??"]
[Round "5"]
[White "Sala Aymerich, J."]
[Black "Diaz Nieto, Alberto"]
[Result "1/2-1/2"]
[WhiteElo "1805"]
[BlackElo "1950"]
[PlyCount "150"]
[EventDate "1996.07.??"]
[EventType "swiss"]
[EventRounds "9"]
[EventCountry "ESP"]
[SourceTitle "EXT 2002"]
[Source "ChessBase"]
[SourceDate "2001.11.25"]
[SourceVersion "1"]
[SourceVersionDate "2001.11.25"]
[SourceQuality "1"]

1. d4 d5 2. Nf3 Nf6 3. c4 c6 4. Nc3 g6 5. Bg5 Bg7 6. e3 0-0 7. Be2 Re8 8. 0-0 Nbd7 9. Re1 dxc4 10. Bxc4 Nb6 11. Bb3 Bg4 12. h3 Bxf3 13. Qxf3 h6 14. Bh4 Rf8 15. Rad1 g5 16. Bg3 Nbd5 17. e4 Nxc3 18. bxc3 e6 19. e5 Nh7 20. Qe4 Re8 21. Rf1 Qe7 22. f4 f5 23. Qxf5 Kh8 24. Qe4 gxf4 25. Rxf4 Rf8 26. Bc2 Ng5 27. Qd3 Rxf4 28. Bxf4 Bf8 29. Rf1 Re8 30. h4 Nh7 31. h5 Qg7 32. Qh3 Ng5 33. Qh4 Be7 34. Qg4 Qg8 35. Kh2 Rf8 36. c4 Rd8 37. Be3 a6 38. Bd3 b5 39. g3 Rf8 40. Rxf8 Qxf8 41. Kg2 Qg8 42. Bxg5 Bxg5 43. Qe4 bxc4 44. Bxc4 Qc8 45. Qg6 Be3 46. Bxe6 Qf8 47. Bf5 Qg8 48. e6 Qg7 49. Qe8+ Qg8 50. Qxg8+ Kxg8 51. e7 Kf7 52. Kf3 Bxd4 53. Bd7 Kxe7 54. Bxc6 Bb2 55. g4 Bc1 56. Ke4 Kf6 57. Kd3 a5 58. Ke4 Bd2 59. Be8 Bg5 60. Kd5 Bd2 61. Bd7 Bc3 62. Kc4 Bd2 63. Kb5 Be1 64. Kc4 Bd2 65. Kb3 Be3 66. Kc4 Bd2 67. Kd3 Bg5 68. Kc4 Bd2 69. Kd3 Bg5 70. Ke4 Bd2 71. a4 Bg5 72. Bc8 Bd2 73. Kd3 Bb4 74. Kc4 Bd2 75. Kb3 Bg5 1/2-1/2

[Event "Terrassa op-B"]
[Site "Terrassa"]
[Date "1996.??.??"]
[Round "7"]
[White "Sala Aymerich, J."]
[Black "Martinez Burguera, Alexis"]
[Result "0-1"]
[WhiteElo "1805"]
[BlackElo "1905"]
[PlyCount "68"]
[EventDate "1996.07.??"]
[EventType "swiss"]
[EventRounds "9"]
[EventCountry "ESP"]
[SourceTitle "EXT 2002"]
[Source "ChessBase"]
[SourceDate "2001.11.25"]
[SourceVersion "1"]
[SourceVersionDate "2001.11.25"]
[SourceQuality "1"]

1. d4 Nf6 2. Nf3 g6 3. c4 Bg7 4. Nc3 d6 5. Bg5 0-0 6. e4 Bg4 7. h3 Bxf3 8. Qxf3 Nfd7 9. Qe3 c5 10. d5 Qb6 11. Qd2 Re8 12. Be2 Nf6 13. Bf3 Nbd7 14. Bxf6 Bxf6 15. 0-0 Bg7 16. Rab1 Nf6 17. Be2 e6 18. f4 exd5 19. exd5 Ne4 20. Nxe4 Rxe4 21. b3 Rae8 22. Bf3 Bd4+ 23. Kh1 Re3 24. Qf2 Qd8 25. Qg3 Bc3 26. h4 Qf6 27. h5 Qf5 28. Qg4 Qc2 29. Qd7 Kg7 30. Qxd6 Rxf3 31. Qd7 Rg3 32. Rg1 Re2 33. h6+ Kxh6 34. Qd8 Rh3+ 0-1

[Event "Terrassa op-B"]
[Site "Terrassa"]
[Date "1996.??.??"]
[Round "3"]
[White "Sala Aymerich, J."]
[Black "Redondo Bella, X."]
[Result "1-0"]
[WhiteElo "1805"]
[BlackElo "1910"]
[PlyCount "66"]
[EventDate "1996.07.??"]
[EventType "swiss"]
[EventRounds "9"]
[EventCountry "ESP"]
[SourceTitle "EXT 2002"]
[Source "ChessBase"]
[SourceDate "2001.11.25"]
[SourceVersion "1"]
[SourceVersionDate "2001.11.25"]
[SourceQuality "1"]

1. d4 d5 2. Nf3 Nf6 3. c4 e6 4. cxd5 exd5 5. Bg5 Be7 6. Nc3 0-0 7. e3 Bf5 8. Bd3 Bxd3 9. Qxd3 c6 10. 0-0 Nbd7 11. a3 Re8 12. Rfe1 Ne4 13. Bf4 Ndf6 14. Nd2 Bd6 15. Bxd6 Qxd6 16. f3 Nxd2 17. Qxd2 Rad8 18. b4 a6 19. Ne2 Nh5 20. Rf1 f5 21. f4 Nf6 22. Ng3 Ng4 23. Rae1 Qg6 24. Qd3 Rf8 25. Rf3 h5 26. h3 Nh6 27. Qf1 h4 28. Ne2 Kh8 29. Qf2 Qf6 30. g3 g5 31. fxg5 Qxg5 32. Kh2 hxg3+ 33. Rxg3 Qh4 1-0